The Most Northern Cities in each Continent - Statistics

General Stats
  • This quiz has been taken 5 times
  • The average score is 10 of 30
Answer Stats
Country Answer % Correct
Colombia Barranquilla
100%
Algeria Algiers
80%
Venezuela Caracas
80%
Norway Tromso
80%
Tunisia Tunis
80%
Norway Hammerfest
60%
Venezuela Maracaibo
60%
Algeria Annaba
40%
Norway (Svalbard) Longyearbyen
40%
Denmark (Greenland) Qaanaaq
40%
Colombia Santa Marta
40%
Algeria Skikda
40%
Algeria Constantine
20%
Russia Dikson
20%
Canada Grise Fjord
20%
Russia Khatanga
20%
Marshall Islands Majuro
20%
Palau Ngerulmud
20%
Russia Nordvik
20%
Micronesia Palikir
20%
Canada Pond Inlet
20%
Canada Resolute
20%
Kiribati South Tarawa
20%
Russia Ust Olenek
20%
Denmark (Greenland) Uummannaq
20%
Colombia Valledupar
20%
Guam Hagatna
0%
Norway Kirkenes
0%
Russia Saskylakh
0%
Norway Vardo
0%
No matching quizzes found
Score Distribution
Percent of People with Each Score
Percentile by Number Answered
Your Score History
You have not taken this quiz